• 首页
  • 本馆介绍
  • 公告通知
  • 最新文献
  • 馆藏检索
  • 电子资源
  • 读者导购
  • 参考咨询
  • 我的图书馆
  • 登录
  • 详细信息显示
  • 放入我的书架
  • 预约/预借图书
  • 作者相关作品
  • 分类相关作品
  • 丛书相关作品
  • 出版社相关作品

书目信息

  • 表格格式
  • 工作单格式
  • 卡片格式
题名:
食用蘑菇
    
 
作者: 应建浙 著
分册:  
出版信息: 北京   科学出版社  1982
页数: 255页
开本: 19cm
丛书名:
单 册:
中图分类: S646.1 , S646
科图分类:
主题词: 蘑菇
电子资源:
ISBN:
000 00561nam0 2200229 450
001 1574788163
005 20150129204725.47
010    @dCNY4.50
091    @a13031.1461
100    @a19950701d1982 em y0chiy0110 ea
101 0  @achi
102    @aCN@b110000
105    @ay z 000yy
200 1  @a食用蘑菇@9shi yong mo gu@f应建浙等著
210    @a北京@c科学出版社@d1982
215    @a255页@d19cm
606 0  @a蘑菇
690    @aS646.1@v5
690    @aS646@v4
701  0 @a应建浙@9ying jian zhe@4著
801  0 @aCN@bTSSF@c20150129
905    @aZUCC@dS646@eJY21
    
    食用蘑菇/应建浙等著.-北京:科学出版社,1982
    255页;19cm
    
    
    ISBN :CNY4.50
    
●
相关链接 在E读中查询图书 在五车中查询图书 在当当中查询图书 在豆瓣中查询图书


正题名:食用蘑菇     索取号:S646/JY21         预约/预借

序号 登录号 条形码 馆藏地/架位号 状态 备注
1 7862887   278628870   学院路分馆/ [索取号:S646/JY21] 在馆    
唐山师范学院图书馆 欢迎您!
大连网信软件有限公司© 版权所有